| 000 | 01337cam a22003255a 4500 | ||
|---|---|---|---|
| 001 | 1160957 | ||
| 003 | EG-ScBUE | ||
| 005 | 20220426100905.0 | ||
| 008 | 960312s1997 enka f f 000 0 eng d | ||
| 020 | _a0415137152 (pbk.) | ||
| 020 | _a9780415137157 | ||
| 040 |
_aEG-ScBUE _beng _erda _cEG-ScBUE _dEG-ScBUE |
||
| 082 | 0 | 4 |
_a411 _bCAM _222 |
| 100 | 1 |
_aCampbell, George L., _eauthor. |
|
| 245 | 1 | 0 |
_aHandbook of scripts and alphabets / _cby George L. Campbell. |
| 246 | 3 | 0 | _aScripts and alphabets |
| 264 | 1 |
_aLondon ; _aNew York : _bRoutledge, _c1997. |
|
| 300 |
_avii, 132 pages : _billustrations ; _c24 cm |
||
| 336 |
_2rdacontent _atext _btxt |
||
| 337 |
_2rdamedia _aunmediated _bn |
||
| 338 |
_2rdacarrier _avolume _bnc |
||
| 520 | _aThe Handbook presents over 60 alphabets covering an enormous scope of languages; from Amharic and Chinese to Thai and Cree. Full script tables are given for every language and each entry is accompanied by a detailed overview of its historical and linguistic context. | ||
| 650 | 7 |
_aWriting _xHandbooks, manuals, etc. _2BUEsh |
|
| 650 | 7 |
_aAlphabet _xHandbooks, manuals, etc. _2BUEsh |
|
| 651 | _2BUEsh | ||
| 653 |
_bHHUUEENN _cSeptember2018 |
||
| 655 |
_vReading book _934232 |
||
| 856 | 4 | 2 |
_3Publisher description _uhttp://www.loc.gov/catdir/enhancements/fy0649/96005765-d.html |
| 942 |
_2ddc _cBB |
||
| 999 |
_c10666 _d10666 |
||